| 000 | 00630nam a2200193 i 4500 | ||
|---|---|---|---|
| 001 | 173312 | ||
| 003 | ES-MaACL | ||
| 005 | 20240607063001.0 | ||
| 008 | 091125s1968 sp f |||| | spa d | ||
| 080 | _a914.563.2 R (0:741.9) | ||
| 100 | 1 |
_aRidruejo, Dionisio, _d1912-1975 _997065 |
|
| 245 | 1 | 0 |
_aRoma / _cDionisio Ridruejo y Fernando Chueca. |
| 260 |
_aMadrid : _bS.E.D.E., _c1968. |
||
| 300 |
_a34 p., 5 h., 65 lám. ; _c35 cm. |
||
| 651 | 4 |
_aRoma (Ciudad)- _xEn el arte. _9143152 |
|
| 700 | 1 |
_aChueca Goitia, Fernando, _d1911-2004 _938688 |
|
| 852 |
_aES-MaACL _jArmario 18 _xOlim C-36320 |
||
| 999 |
_c173312 _d173312 |
||